|
|
|
|
| LEADER |
00000cam a2200000 a 4500 |
| 001 |
vtls001332573 |
| 003 |
SK-MaSNL |
| 005 |
20260301160249.0 |
| 008 |
240702s1997 xo frn 000 0cslo |
| 015 |
|
|
|a SNBA1998/09-03378
|
| 020 |
|
|
|a 8071651133
|
| 035 |
|
|
|a SNK000285474
|
| 035 |
|
|
|a urn:nbn:sk:snk-amkhr6
|
| 035 |
|
|
|a urn:nbn:sk:snk-am008gut
|
| 035 |
|
|
|a DCCDD9C6-63DA-4F4F-AABF-8554E18851A4
|
| 040 |
|
|
|a SNK
|b slo
|c SNK
|e AACR2
|
| 041 |
0 |
|
|a slo
|
| 044 |
|
|
|a xo
|c SK
|
| 072 |
|
7 |
|a 821.162.4.09
|x Slovenská literatúra (o nej)
|2 konspekt
|
| 072 |
|
7 |
|a 82.0
|x Literatúra (teória)
|2 konspekt
|
| 080 |
|
|
|a 808.1(082)
|2 1981
|
| 080 |
|
|
|a 929 Šafárik, Pavol Jozef
|2 1981
|
| 080 |
|
|
|a 930.85:929
|2 1981
|
| 100 |
1 |
|
|a Vaško, Imrich,
|d 1936-2010
|4 aut
|9 206049
|
| 245 |
1 |
0 |
|a Iniciály
|b od Šafárika k Sládkovičovi : venované 12. medzinárodnému zjazdu slavistov v Krakove [1998]
|c Imrich Vaško
|
| 260 |
|
|
|a Prešov
|b Michal Vaško
|c 1997
|
| 300 |
|
|
|a 111 s.
|c 21 cm
|
| 504 |
|
|
|a Obsahuje bibliografické odkazy
|
| 600 |
1 |
7 |
|a Šafárik, Pavol Jozef,
|d 1795-1861
|2 SNKMA
|9 85839
|
| 600 |
1 |
7 |
|a Sládkovič, Andrej,
|d 1820-1872
|2 SNKMA
|9 17115
|
| 648 |
|
7 |
|a 19. stor.
|2 SNKPH
|9 278793
|
| 650 |
0 |
7 |
|a štúrovci
|2 SNKPH
|9 59026
|
| 650 |
0 |
7 |
|a slovenská literatúra
|2 SNKPH
|9 1115
|
| 650 |
0 |
7 |
|a slovenská poézia
|2 SNKPH
|9 215422
|
| 650 |
0 |
7 |
|a literárna veda
|2 SNKPH
|9 1137
|
| 650 |
0 |
7 |
|a slavistika
|2 SNKPH
|9 4282
|
| 655 |
|
7 |
|a štúdie
|2 SNKPH
|9 57033
|
| 852 |
|
|
|a Slovenská národná knižnica
|
| 919 |
|
|
|a 80-7165-113-3
|
| 954 |
|
|
|a odborná, vedecká literatúra pôvodná (slovenská)
|2 lita
|
| 958 |
|
|
|a OND
|
| 958 |
|
|
|a TL
|
| 958 |
|
|
|a LX
|
| 958 |
|
|
|a BX
|
| 958 |
|
|
|a SS
|
| 999 |
|
|
|c 804719
|d 806649
|
| 952 |
|
|
|t P60, <09>, [BOOK], {629}
|a SNK
|b SNK
|y NEVYP
|7 0
|o snkC 481
|i snk904/980602
|0 0
|1 0
|4 0
|d 1998-05-29
|l 0
|r 2005-01-02 00:00:00
|w 2026-02-24
|
| 952 |
|
|
|t P60, <03>, [BOOK], {603}
|a SNK
|b SNK
|y PREZ
|7 0
|p 17A0141789
|o snkSC 95916
|i snkKSP 5603/98
|0 0
|1 0
|4 0
|d 1998-05-29
|f 1
|l 0
|r 2025-09-12 00:00:00
|w 2026-02-24
|
| 952 |
|
|
|t P60, <04>, [BOOK], {604}
|a SNK
|b SNK
|y VYP
|7 0
|p 17A0141788
|o snkSC 95916 D1
|i snkKSP 5604/98
|0 0
|1 0
|4 0
|d 1998-05-29
|l 0
|r 2005-01-02 00:00:00
|w 2026-02-24
|